الزكاة / (رقم التسجيلة. 112355)

تفاصيل مارك
000 -LEADER
fixed length control field 00489nam a22001937a 4500
005 - DATE AND TIME OF LATEST TRANSACTION
control field 20251108174549.0
008 - FIXED-LENGTH DATA ELEMENTS--GENERAL INFORMATION
fixed length control field 250721s9999 xx 000 0 ara d
020 ## - INTERNATIONAL STANDARD BOOK NUMBER
International Standard Book Number 9889702037
082 14 - DEWEY DECIMAL CLASSIFICATION NUMBER
Classification number ط/216.24/زكا
245 10 - TITLE STATEMENT
Title الزكاة /
264 1# - PRODUCTION, PUBLICATION, DISTRIBUTION, MANUFACTURE, AND COPYRIGHT NOTICE
Place of production, publication, distribution, manufacture د.م :
Name of producer, publisher, distributor, manufacturer 123 Publishing House،
300 ## - PHYSICAL DESCRIPTION
Extent 24ص
490 0# - SERIES STATEMENT
Series statement their future
650 17 - SUBJECT ADDED ENTRY--TOPICAL TERM
Topical term or geographic name as entry element الزكاه
650 17 - SUBJECT ADDED ENTRY--TOPICAL TERM
Topical term or geographic name as entry element الاسلام
653 ## - INDEX TERM--UNCONTROLLED
Uncontrolled term ناشاون صغار (10-14) سنه
942 ## - ADDED ENTRY ELEMENTS (KOHA)
Source of classification or shelving scheme Dewey Decimal Classification
Koha item type كتب
المقتنيات
حالة السحب حالة الفقدان مصدر التصنيف حالة التلف غير قابل للإعارة المكتبة الرئيسية المكتبة الحالية موقع الرف تاريخ التزويد الرقم المتسلسل Total Checkouts رقم الإستدعاء الباركود تاريخ آخر ظهور تاريخ الفاتورة نوع المادة (كوها)
    Dewey Decimal Classification     مكتبة الراية الهاشمية للأطفال مكتبة الراية الهاشمية للأطفال الأطفال 11/02/2015 1592404   ط/216.24/زكا PLD00316289 28/07/2025 11/02/2015 كتب
    Dewey Decimal Classification     مكتبة ومركز فرح مكتبة ومركز فرح الأطفال 12/05/2009 1286888   ط/216.24/زكا PLD00088788 28/07/2025 12/05/2009 كتب
Implemented & Customized by: BBB with SCIT (Smart Chains for Information Technology)

Powered by Koha